000 00835nam a2200229 i 4500
003 DO-SdUEMH
005 20260129152943.0
007 ta
008 260129s1884 dr |||gr|||| 00| 0 spa d
040 _aDO-SdUEMH
_bspa
_erda
041 _aspa
082 1 4 _mRD
100 _eaut
245 _aCódigos de Procedimiento Criminal
264 1 _aSanto Domingo, República Dominicana :
_c1884
300 _a397 páginas :
_c21 cm.
336 _2rdacontent
_atexto
_btxt
337 _2rdamedia
_asin mediación
_bn
338 _2rdacarrier
_avolumen
_bnc
505 2 _aDe los tribunales de simple policía, correccionales y criminales -- De algunos procedimientos especiales -- De la designación de jueces, y de la declinatoria de un tribunal a otro -- De algunos objetos de interés público y de seguridad general.
942 _2ddc
_cBK
_n0
999 _c18365
_d18365